[Event "Gibraltar Masters 2019"]
[Site "Caleta ENG"]
[Date "2019.01.28"]
[Round "7.83"]
[White "Karim,I"]
[Black "Bliumberg,V"]
[Result "1-0"]
[WhiteElo "2347"]
[BlackElo "2253"]

1.e4 d6 2.d4 g6 3.Nc3 Bg7 4.Be3 Nf6 5.h3 Nbd7 6.g4 e5 7.d5 Nc5 8.Bg2 a5 9.Nge2 b6
10.Ng3 h5 11.g5 Nh7 12.h4 Qe7 13.Bf1 Bd7 14.Nb5 Bg4 15.f3 Bc8 16.Qd2 a4 17.a3 O-O
18.O-O-O Ba6 19.Nc3 Bxf1 20.Rdxf1 Qd7 21.Rhg1 b5 22.Na2 Nb7 23.Nb4 Na5 24.Kb1 Nc4
25.Qe2 Rfe8 26.Bc1 Nf8 27.Qg2 Qc8 28.Ne2 Nd7 29.Nc3 Qb7 30.Qe2 Nc5 31.Nca2 Na6
32.f4 exf4 33.Rxf4 Nc5 34.Rgf1 Rf8 35.Nc6 Ne5 36.Nab4 Rae8 37.Be3 Qc8 38.Qxb5 Nxc6
39.Bxc5 Nd4 40.Bxd4 Bxd4 41.Nc6 Bg7 42.Qxa4 Qb7 43.Qb4 Qa6 44.R1f2 Qa8 45.Qc4 Qc8
46.Qd3 Qb7 47.Qb3 Qa8 48.Qf3 Qb7 49.c3 Qb5 50.Rxf7 Qc4 51.Rxf8+ Rxf8 52.Qe2 Qc5
53.Ne7+ Kh7 54.Rxf8 Bxf8 55.Qf1 Bxe7 56.Qf7+ Kh8 57.Qe8+ Kg7 58.Qxe7+ Kg8
59.Qe6+ Kg7 60.Qf6+ Kh7 61.Qf7+ Kh8 62.Qf8+ Kh7 63.Qh6+  1-0

[Event "Gibraltar Masters 2019"]
[Site "Caleta ENG"]
[Date "2019.01.28"]
[Round "7.84"]
[White "Movileanu,Daniela"]
[Black "Kulon,K"]
[Result "0-1"]
[WhiteElo "2174"]
[BlackElo "2347"]

1.e4 c5 2.Nf3 Nc6 3.d4 cxd4 4.Nxd4 Nf6 5.Nc3 d6 6.Bg5 e6 7.Qd2 a6 8.Nxc6 bxc6
9.O-O-O d5 10.Qe3 Be7 11.Bxf6 gxf6 12.Bc4 Bb7 13.Bb3 Qc7 14.Kb1 Rg8 15.g3 a5
16.Rhe1 Kf8 17.a4 Rd8 18.f4 Bb4 19.f5 e5 20.exd5 cxd5 21.Nb5 Qc8 22.Qh6+ Ke7
23.Rf1 Rg5 24.Qh3 h5 25.Qg2 d4 26.Qe2 Kf8 27.h3 Kg7 28.g4 Rh8 29.Rg1 hxg4
30.Rxg4 Qxf5 31.Rf1 d3 32.cxd3 Qxf1+ 33.Qxf1 Rxg4 34.Ka2 Rg3 35.Qf5 Bc8 36.Qf2 Rxd3
37.Qg2+ Kf8 38.Qa8 Ke7 39.Qa7+ Rd7 40.Qe3 Bb7 41.Nc3 Rhd8 42.h4 Rd3 43.Qb6 R8d7
44.Bc2 R3d6 45.Qe3 Rd4 46.h5 Rh4 47.h6 Bxc3 48.bxc3 Rh2 49.Kb1 Bd5 50.Qc5+ Ke8
51.Qc8+ Rd8 52.Qc7 Be4 53.Qxa5 Rb8+ 54.Ka1 Rxc2  0-1

[Event "Gibraltar Masters 2019"]
[Site "Caleta ENG"]
[Date "2019.01.28"]
[Round "7.85"]
[White "Sidhant,M"]
[Black "Phadke,So1"]
[Result "1/2-1/2"]
[WhiteElo "2344"]
[BlackElo "2191"]

1.e4 c5 2.Nf3 Nc6 3.Bb5 g6 4.O-O Bg7 5.c3 Nf6 6.Re1 O-O 7.h3 d5 8.e5 Ne8
9.d4 cxd4 10.cxd4 Nc7 11.Bf1 b6 12.Nc3 Bb7 13.Be3 Ne6 14.Rc1 Kh8 15.Qd2 Qd7
16.Ng5 Nxg5 17.Bxg5 f6 18.exf6 exf6 19.Bf4 Rae8 20.Bb5 a6 21.Bxc6 Bxc6 22.Bh6 Qd6
23.Bf4 Qd7 24.Qd3 b5 25.b4 Rxe1+ 26.Rxe1 Re8 27.Ne2 Bf8 28.Bd2 Bd6 29.Rc1 Qe6
30.Kf1 Bd7 31.a3 Qf5 32.Qxf5 Bxf5 33.Rc6 Bd3 34.Be3 Bf4 35.Bxf4 Rxe2 36.Kg1 g5
37.Be3 Kg7 38.Rxa6 Ra2 39.h4 h6 40.h5 Re2 41.a4 bxa4 42.Rxa4 f5 43.Ra3 Bc4
44.f4 g4 45.Bf2 Rd2 46.Be1 Rd1 47.Re3 Bd3 48.Kh2 Be4 49.Re2 Rb1 50.Bc3 Rb3
51.Re3 Kf7 52.Kg1 Ke6 53.Rg3 Kd6 54.Be1 Rxg3 55.Bxg3 Bd3 56.Bh4 Ke6 57.g3 Kf7
58.Kf2  1/2-1/2

[Event "Gibraltar Masters 2019"]
[Site "Caleta ENG"]
[Date "2019.01.28"]
[Round "7.86"]
[White "Pakosta,M"]
[Black "Stijve,Theo"]
[Result "0-1"]
[WhiteElo "2166"]
[BlackElo "2339"]

1.e4 c5 2.c3 d5 3.exd5 Qxd5 4.d4 Nc6 5.Nf3 Bf5 6.Be3 cxd4 7.cxd4 Bxb1 8.Qxb1 e5
9.Bd3 Bb4+ 10.Kf1 exd4 11.Be4 Qb5+ 12.Bd3 Qb6 13.Bf4 Nf6 14.a3 Be7 15.b4 a6
16.g4 g6 17.h3 Nd5 18.Bh6 O-O-O 19.Qb3 Rd7 20.Rc1 Kb8 21.Bg7 Rhd8 22.Ne5 Nxe5
23.Bxe5+ Ka7 24.Bc4 Bf6 25.Bg3 Nc3 26.f3 d3 27.Bf2 Bd4 28.Bxd4 Qxd4 29.Rxc3 d2
30.Kg2 d1=Q 31.Rxd1 Qxd1 32.Qxd1 Rxd1 33.a4 Rc8 34.Be2 Rxc3 35.Bxd1 Rd3 36.Be2 Rd4
37.b5 Rxa4 38.bxa6 Ra2 39.Kf1 Rxe2 40.Kxe2 Kxa6 41.h4 Kb5 42.Kd3 Kc5 43.f4 f5
44.gxf5 gxf5 45.h5 Kd5  0-1

[Event "Gibraltar Masters 2019"]
[Site "Caleta ENG"]
[Date "2019.01.28"]
[Round "7.87"]
[White "De Haan,E"]
[Black "Byron,A"]
[Result "0-1"]
[WhiteElo "2337"]
[BlackElo "2157"]

1.d4 Nf6 2.c4 e6 3.Nc3 d5 4.cxd5 exd5 5.Bg5 Be7 6.e3 Nbd7 7.Bd3 c6 8.Qc2 Nh5
9.Bxe7 Qxe7 10.O-O-O Nb6 11.h3 Be6 12.Kb1 O-O-O 13.Na4 Nxa4 14.Qxa4 Kb8 15.Nf3 Nf6
16.Rc1 Ne4 17.Qc2 g6 18.Ka1 Nd6 19.g4 Rhf8 20.Ne5 f6 21.Nf3 Bc8 22.Rhg1 Rde8
23.Nd2 f5 24.Nb3 f4 25.Rge1 fxe3 26.fxe3 Rf3 27.Qh2 Qc7 28.Qg1 Rxh3 29.Nd2 Qe7
30.a3 Rxe3 31.Nf3 Rxe1 32.Rxe1 Qc7 33.Rc1 Nf7 34.Rf1 a6 35.Ka2 Ka7 36.Nd2 Ng5
37.Nb3 Nh3 38.Qg2 Re3 39.Qd2 Re7 40.g5 Rf7 41.Re1 Nf4 42.Re8 Ne6 43.Qb4 b6
44.a4 c5 45.dxc5 bxc5 46.Qc3 c4 47.Na5 Bd7  0-1

[Event "Gibraltar Masters 2019"]
[Site "Caleta ENG"]
[Date "2019.01.28"]
[Round "7.88"]
[White "Whatley,Stephen A J"]
[Black "Avila Fraire,Ameyalli"]
[Result "1/2-1/2"]
[WhiteElo "2171"]
[BlackElo "1994"]

1.e4 c5 2.Nf3 d6 3.d4 cxd4 4.Nxd4 Nf6 5.Nc3 Nc6 6.Bg5 e6 7.Qd2 a6 8.O-O-O Be7
9.f4 Bd7 10.Kb1 h6 11.Bh4 b5 12.Bxf6 Bxf6 13.Nxc6 Bxc6 14.Qxd6 Qxd6 15.Rxd6 Bxc3
16.Rxc6 Bd2 17.c4 bxc4 18.Bxc4 a5 19.g3 O-O 20.Rd1 Rfd8 21.Rc7 Be3 22.Rdd7 Rxd7
23.Rxd7 Ra7 24.Rd8+ Kh7 25.f5 exf5 26.exf5 g6 27.f6 Rc7 28.b3 Rc6 29.Ra8 Bd2
30.Kc2 Be1 31.Ra6 Rxa6 32.Bxa6 h5 33.Bc4 Kh6 34.Bxf7 Kg5 35.Be8 Kxf6 36.Kd3 h4
37.g4 g5 38.Ke4 Ke7 39.Bb5  1/2-1/2

[Event "Gibraltar Masters 2019"]
[Site "Caleta ENG"]
[Date "2019.01.28"]
[Round "7.89"]
[White "Bellon Lopez,JuM"]
[Black "Veltkamp,G"]
[Result "1-0"]
[WhiteElo "2332"]
[BlackElo "2117"]

1.d4 d5 2.Bf4 c5 3.e3 Nc6 4.c3 Nf6 5.Nd2 e6 6.Ngf3 Bd6 7.Bg3 O-O 8.Bd3 b6
9.Ne5 Ne7 10.O-O Bb7 11.Bh4 Ne4 12.f3 Nxd2 13.Qxd2 f6 14.Ng4 Nf5 15.Be1 Qc7
16.f4 Rac8 17.h3 Kh8 18.Nh2 g5 19.g4 Nxe3 20.Qxe3 gxf4 21.Qf2 e5 22.Bf5 Rce8
23.Bd2 a5 24.Bc2 b5 25.Bb3 Qc6 26.Qh4 Be7 27.Qh5  1-0

[Event "Gibraltar Masters 2019"]
[Site "Caleta ENG"]
[Date "2019.01.28"]
[Round "7.90"]
[White "Cramling Bellon,Anna"]
[Black "Erenberg,Ariel"]
[Result "0-1"]
[WhiteElo "2025"]
[BlackElo "2409"]

1.d4 Nf6 2.c4 e6 3.Nc3 Bb4 4.Qc2 O-O 5.Nf3 d5 6.a3 Bxc3+ 7.Qxc3 dxc4 8.Qxc4 b6
9.Bg5 Ba6 10.Qc2 Nbd7 11.Ne5 c5 12.Nxd7 Qxd7 13.Bxf6 gxf6 14.dxc5 bxc5 15.h4 Rab8
16.Rb1 Rfd8 17.Rh3 Rb6 18.e4 c4 19.Be2 Qc7 20.Rg3+ Kf8 21.b4 Rd4 22.a4 Qf4
23.Rg4 Qe5 24.b5 Bb7 25.f3 h5 26.f4 Qxe4 27.Qxe4 Bxe4 28.a5 Rb8  0-1

[Event "Gibraltar Masters 2019"]
[Site "Caleta ENG"]
[Date "2019.01.28"]
[Round "7.91"]
[White "Tate,A"]
[Black "Nikolaidis,K"]
[Result "1/2-1/2"]
[WhiteElo "2335"]
[BlackElo "2167"]

1.Nf3 Nf6 2.g3 e6 3.Bg2 d5 4.O-O Be7 5.c4 O-O 6.d4 dxc4 7.Qc2 a6 8.a4 Bd7
9.Qxc4 Bc6 10.Bg5 Bd5 11.Qc2 Be4 12.Qc1 h6 13.Bxf6 Bxf6 14.Nbd2 Bxf3 15.Nxf3 a5
16.Rd1 c6 17.h4 Na6 18.e4 Nb4 19.e5 Be7 20.Qf4 Ra6 21.Nh2 Nd5 22.Qg4 Rb6
23.Rd2 Qd7 24.Qh5 Rd8 25.Ng4 Bf8 26.Ne3 Rb4 27.Qe2 Nb6 28.Rad1 Rxa4 29.Be4 Bb4
30.Rd3 Bf8 31.R3d2 Bb4 32.Rd3 Bf8 33.R3d2  1/2-1/2

[Event "Gibraltar Masters 2019"]
[Site "Caleta ENG"]
[Date "2019.01.28"]
[Round "7.92"]
[White "Mannion,Stephen R"]
[Black "Smith,An"]
[Result "1-0"]
[WhiteElo "2293"]
[BlackElo "2167"]

1.e4 e6 2.d4 d5 3.Nd2 c5 4.exd5 exd5 5.Bb5+ Nc6 6.Ngf3 Bd6 7.dxc5 Bxc5 8.O-O Ne7
9.Nb3 Bd6 10.Re1 O-O 11.Bd3 h6 12.c3 Bg4 13.h3 Bh5 14.Bc2 Qd7 15.Be3 Rad8
16.Nbd4 Bg6 17.Bxg6 Nxg6 18.Qc2 Rfe8 19.Rad1 Re4 20.Nxc6 Qxc6 21.Qb3 b6 22.Nd4 Qd7
23.Qb5 Qxb5 24.Nxb5 Bc5 25.Kf1 f6 26.Nc7 Nf4 27.Bxf4 Rxf4 28.Re2 Rf5 29.g4 Re5
30.Rxe5 fxe5 31.Nxd5 Rf8 32.Rd2 e4 33.Kg2 Kf7 34.Re2 Re8 35.c4 a5 36.a4 Kg6
37.h4 Rf8 38.b3 Rf3 39.Rxe4 Rxf2+ 40.Kg3 Rb2 41.Re6+ Kf7 42.Rc6 Rxb3+ 43.Kf4 Rb1
44.Rc7+ Kf8 45.Kf5 Re1 46.g5 hxg5 47.hxg5 Bd4 48.Rc8+ Re8 49.Rxe8+ Kxe8 50.Ke6 Bc5
51.g6 Kd8 52.Kf7 Bd4 53.Nf4 Kd7 54.Ne6 Bc3 55.Nxg7 Bb2 56.Nh5 Bh8 57.Ng7  1-0

[Event "Gibraltar Masters 2019"]
[Site "Caleta ENG"]
[Date "2019.01.28"]
[Round "7.93"]
[White "Burrows,M"]
[Black "Chinguun,Sumiya"]
[Result "1/2-1/2"]
[WhiteElo "2156"]
[BlackElo "2286"]

1.e4 c5 2.Nf3 e6 3.d3 Nc6 4.g3 g6 5.Bg5 Qb6 6.Nbd2 d6 7.Nc4 Qc7 8.a4 Bg7
9.Bg2 h6 10.Bd2 Nge7 11.Qc1 e5 12.O-O Be6 13.Kh1 g5 14.Ng1 d5 15.exd5 Bxd5
16.Qd1 O-O-O 17.Bxd5 Nxd5 18.Qg4+ Kb8 19.Ne2 Rhf8 20.Nc3 f5 21.Nxd5 Rxd5
22.Qf3 e4 23.dxe4 Rd4 24.Qb3 Rxe4 25.Bc3 Nd4 26.Bxd4 Rxd4 27.Rad1 f4 28.Rxd4 cxd4
29.Re1 a6 30.Kg1 fxg3 31.hxg3 Rc8 32.Nb6 Rd8 33.a5 h5 34.Qc4  1/2-1/2

[Event "Gibraltar Masters 2019"]
[Site "Caleta ENG"]
[Date "2019.01.28"]
[Round "7.94"]
[White "Hosek,Ma"]
[Black "Jaksland,T"]
[Result "1/2-1/2"]
[WhiteElo "2153"]
[BlackElo "2264"]

1.d4 Nf6 2.c4 c5 3.d5 b5 4.Bg5 Qb6 5.Qc2 g6 6.e4 Bg7 7.Nd2 h6 8.Bf4 g5 9.Bg3 bxc4
10.Bxc4 Nh5 11.Rb1 d6 12.Ngf3 Nd7 13.O-O O-O 14.Bd3 Ba6 15.Bxa6 Qxa6 16.Nc4 Nb6
17.Nfd2 Rad8 18.b3 Nxg3 19.hxg3 e6 20.dxe6 fxe6 21.f4 Nxc4 22.Nxc4 d5 23.exd5 exd5
24.Ne5 Qd6 25.Rbe1 Rfe8 26.Qf5 Rf8 27.Qd3 Rfe8 28.Qf5 Rf8 29.Qd3 Rfe8 30.Qf5 Rf8
31.Qd3  1/2-1/2

[Event "Gibraltar Masters 2019"]
[Site "Caleta ENG"]
[Date "2019.01.28"]
[Round "7.95"]
[White "Fuchs,Ju"]
[Black "Vila Dupla,A"]
[Result "1-0"]
[WhiteElo "2249"]
[BlackElo "2166"]

1.d4 Nf6 2.Bf4 g6 3.Nc3 d5 4.Qd2 h5 5.O-O-O c6 6.f3 b5 7.Re1 Be6 8.Nh3 Bxh3
9.gxh3 e6 10.Bg5 Be7 11.Rg1 Nbd7 12.e4 a6 13.Bd3 Nf8 14.Ne2 N6d7 15.h4 Nb6
16.Ng3 Nc4 17.Bxc4 bxc4 18.Ne2 Rb8 19.Bxe7 Qxe7 20.Nf4 dxe4 21.fxe4 Qxh4
22.Rg3 Qd8 23.d5 e5 24.Ng2 Qb6 25.Qc3 f6 26.Ne3 Qb4 27.Qxb4 Rxb4 28.dxc6 Rb6
29.c7 Rc6 30.Nd5 Kf7 31.Reg1 Rg8 32.Rf1 Nd7 33.Rc3 Rc8 34.b3 Nb6 35.Nxb6 Rxb6
36.Rxc4 Rb7 37.Rc6 f5 38.exf5 g5 39.Rxa6 Rbxc7 40.c4 Rc6 41.Rxc6 Rxc6 42.Kc2 Kf6
43.Kc3 e4 44.a4 Rd6 45.a5 Rd3+ 46.Kc2 g4 47.a6 h4 48.a7 Rd8 49.b4 g3 50.hxg3 hxg3
51.b5 e3 52.b6 g2 53.Re1 e2 54.b7 Rd1 55.b8=Q Rxe1 56.Qd6+ Kxf5  1-0

[Event "Gibraltar Masters 2019"]
[Site "Caleta ENG"]
[Date "2019.01.28"]
[Round "7.96"]
[White "Baert,A"]
[Black "Villar,Ju"]
[Result "1/2-1/2"]
[WhiteElo "2147"]
[BlackElo "2237"]

1.Nf3 Nf6 2.c4 e6 3.Nc3 Bb4 4.g3 b6 5.Bg2 Bb7 6.O-O O-O 7.Qc2 d5 8.Ne5 Nbd7
9.d4 c5 10.cxd5 cxd4 11.Nc6 Bxc6 12.dxc6 dxc3 13.bxc3 Bd6 14.cxd7 Rb8 15.Rd1 Qc7
16.Qd3 Be7 17.Bg5 Rfd8 18.Bxf6 Bxf6 19.Rac1 b5 20.Be4 g6 21.h4 Be5 22.c4 bxc4
23.Rxc4 Qa5 24.Qc2 Rb2 25.Qd3 Rxa2 26.h5 Ra3 27.Qc2 Qb6 28.Kg2 Ra1 29.hxg6 hxg6
30.Rxa1 Bxa1 31.Rc8 Kg7 32.Rxd8 Qxd8 33.Qa4 Be5 34.Qxa7 Qc7 35.Qxc7 Bxc7
36.Kf3 Kf6 37.Bc6 Ke7 38.Ke4 Bb6 39.f3 g5 40.g4 Kd6 41.Ba4 Ba5 42.Kd4 Bb6+
43.Kc4 f6 44.Kb5 Bd8 45.Ka6 Kc7 46.Ka5 Kd6+ 47.Kb4 Bb6 48.Kc4 Bd8 49.Kd4 Bc7
50.Ke4 Ke7 51.e3 e5 52.Kd5 Bb6 53.Kc6 Ba5 54.Bc2 Bd8 55.Be4 Ba5 56.Bf5 Bd8
57.Kd5 Bb6 58.Ke4 Ba5 59.Kd5 Bb6 60.Kc6 Ba5 61.Be4  1/2-1/2

[Event "Gibraltar Masters 2019"]
[Site "Caleta ENG"]
[Date "2019.01.28"]
[Round "7.97"]
[White "De Seroux,C"]
[Black "Warakomska,A"]
[Result "1/2-1/2"]
[WhiteElo "2145"]
[BlackElo "2209"]

1.e4 e5 2.Nc3 Nf6 3.f4 d5 4.fxe5 Nxe4 5.Nf3 Be7 6.d3 Nxc3 7.bxc3 c5 8.d4 Nc6
9.Bd3 c4 10.Be2 O-O 11.O-O f6 12.exf6 Bxf6 13.Kh1 Bg4 14.Ng1 Bxe2 15.Nxe2 Qa5
16.Bd2 Rae8 17.Nf4 Bg5 18.Qh5 Bxf4 19.Rxf4 Rxf4 20.Qxe8+ Rf8 21.Qd7 h6 22.Re1 Nxd4
23.Bxh6 Nf5 24.Bd2 Qc5 25.g4 Nh4 26.Qe6+ Kh7 27.Be3 Qc8 28.Qxd5 Qxg4 29.Bd4 Qf3+
30.Qxf3 Nxf3 31.Rf1 b6 32.Rf2 Kg8 33.Re2  1/2-1/2

[Event "Gibraltar Masters 2019"]
[Site "Caleta ENG"]
[Date "2019.01.28"]
[Round "7.14"]
[White "So,W"]
[Black "Lagno,Kateryna"]
[Result "1-0"]
[WhiteElo "2765"]
[BlackElo "2560"]

1.c4 e5 2.d3 g6 3.Nc3 Bg7 4.g3 Nc6 5.Bg2 d6 6.e3 h5 7.h4 Nf6 8.Nge2 O-O 9.e4 Nd7
10.Bg5 f6 11.Be3 Nc5 12.O-O Ne6 13.f4 Ned4 14.Bxd4 exd4 15.Nd5 f5 16.b4 Ne7
17.Nxe7+ Qxe7 18.Rc1 a5 19.b5 Bd7 20.Qd2 b6 21.Kh2 Rae8 22.Ng1 Bf6 23.Rce1 Qg7
24.Bh3 Re7 25.exf5 gxf5 26.Rxe7 Qxe7 27.Re1 Qf7 28.Bg2 Kh7 29.Bd5 Qg6 30.Nf3 Re8
31.Ng5+ Bxg5 32.hxg5 Kg7 33.Rxe8 Qxe8 34.Qf2 Kg6 35.Qxd4 Qe2+ 36.Bg2 h4 37.Qf6+  1-0

[Event "Gibraltar Masters 2019"]
[Site "Caleta ENG"]
[Date "2019.01.28"]
[Round "7.18"]
[White "Iturrizaga,E"]
[Black "Gukesh,D"]
[Result "0-1"]
[WhiteElo "2637"]
[BlackElo "2497"]

1.d4 d5 2.c4 c6 3.Nf3 Nf6 4.Nc3 e6 5.e3 Nbd7 6.Qc2 Bd6 7.Bd3 O-O 8.O-O dxc4
9.Bxc4 b5 10.Be2 Bb7 11.e4 e5 12.dxe5 Nxe5 13.Nd4 Neg4 14.g3 Re8 15.Nf5 Bc5
16.Bf4 Qb6 17.Bxg4 Nxg4 18.Rad1 Rad8 19.Kg2 Ne5 20.Rxd8 Qxd8 21.Rd1 Qf6 22.a4 b4
23.Ne2 Bf8 24.Bxe5 Qxe5 25.f3 Qf6 26.Nf4 g6 27.Ne3 Rd8 28.Ng4 Qe7 29.e5 Rxd1
30.Qxd1 Bg7 31.Qd4 c5 32.Nf6+ Qxf6 33.exf6 cxd4 34.fxg7 Kxg7 35.a5 Kf6 36.Kf2 Ke5
37.Nd3+ Kd5 38.b3 Kc6 39.Nxb4+ Kb5 40.Nc2 d3  0-1

[Event "Gibraltar Masters 2019"]
[Site "Caleta ENG"]
[Date "2019.01.28"]
[Round "7.16"]
[White "Nguyen,Thai Dai Van"]
[Black "Short,N"]
[Result "1/2-1/2"]
[WhiteElo "2535"]
[BlackElo "2648"]

1.e4 e5 2.Nf3 Nc6 3.Bb5 a6 4.Ba4 d6 5.O-O Bd7 6.d4 exd4 7.Nxd4 b5 8.Nxc6 Bxc6
9.Bb3 Nf6 10.Nc3 Be7 11.f3 O-O 12.Be3 Bb7 13.a4 c6 14.axb5 axb5 15.Qd2 Nd7
16.Ne2 Nc5 17.Ba2 Re8 18.Nd4 Bf8 19.b4 Nd7 20.Bb3 Ne5 21.Rxa8 Bxa8 22.Ra1 Bb7
23.Nf5 d5 24.exd5 cxd5 25.Bd4 Qd7 26.Bxe5 Rxe5 27.Nd4 Qe7 28.c3 g6 29.g3 Qf6
30.Bc2 h5 31.f4 Re8 32.h4 Qb6 33.f5 Bg7 34.fxg6 fxg6 35.Rf1 Bc8 36.Qg5 Bxd4+
37.cxd4 Qxd4+ 38.Kh1 Qg4 39.Qxg6+ Qxg6 40.Bxg6 Re5 41.Rf4 Kg7  1/2-1/2

[Event "Gibraltar Masters 2019"]
[Site "Caleta ENG"]
[Date "2019.01.28"]
[Round "7.17"]
[White "Anton Guijarro,D"]
[Black "Stefanova,A"]
[Result "1-0"]
[WhiteElo "2642"]
[BlackElo "2486"]

1.e4 c6 2.d4 d5 3.e5 c5 4.dxc5 e6 5.Be3 Nd7 6.Nf3 Bxc5 7.Bxc5 Nxc5 8.Qd4 Qb6
9.a4 Ne7 10.a5 Qc7 11.Qc3 Bd7 12.b4 Na6 13.Qb2 Rc8 14.Bd3 Ng6 15.O-O Nf4
16.Qd4 Nxd3 17.cxd3 O-O 18.h3 Nb8 19.Nbd2 Bb5 20.Qxa7 Bxd3 21.Rfc1 Qe7 22.Qb6 Na6
23.b5 Nc5 24.Nd4 f6 25.exf6 Qxf6 26.Rxc5 Qxf2+ 27.Kh1 Rxc5 28.Qxc5 Qxd2 29.Nxe6 Rf5
30.Qe7  1-0

[Event "Gibraltar Masters 2019"]
[Site "Caleta ENG"]
[Date "2019.01.28"]
[Round "7.21"]
[White "Henderson de La Fuente,Lance"]
[Black "Lagarde,Max"]
[Result "0-1"]
[WhiteElo "2489"]
[BlackElo "2604"]

1.e4 c5 2.Nf3 Nc6 3.d4 cxd4 4.Nxd4 Nf6 5.Nc3 e5 6.Ndb5 d6 7.Bg5 a6 8.Na3 b5
9.Nd5 Be7 10.Bxf6 Bxf6 11.c3 Bg5 12.Nc2 Rb8 13.a4 bxa4 14.Ncb4 Nxb4 15.cxb4 O-O
16.Rxa4 a5 17.b5 Bd7 18.Nc3 d5 19.Nxd5 Bxb5 20.Bxb5 Rxb5 21.O-O Qb8 22.b4 axb4
23.Qb3 h5 24.Rfa1 h4 25.h3 Qd6 26.Ra7 Rbb8 27.Rc7 Bd8 28.Rc4 Bb6 29.Rac1 Bd4
30.Rc7 Qh6 31.R1c2 Kh8 32.Kh2 Qg5 33.Ne7 Qf4+ 34.Kg1 Ra8 35.Rc1 Qxf2+ 36.Kh1 Ra2
37.Qf3 Qxf3 38.gxf3 b3 39.Rb7 b2 40.Rf1 Ra1 41.Kg2 Rxf1 42.Kxf1 Ra8  0-1

[Event "Gibraltar Masters 2019"]
[Site "Caleta ENG"]
[Date "2019.01.28"]
[Round "7.19"]
[White "Gallego Alcaraz,A"]
[Black "Indjic,A"]
[Result "0-1"]
[WhiteElo "2502"]
[BlackElo "2630"]

1.d4 Nf6 2.c4 e6 3.Nf3 c5 4.d5 d6 5.Nc3 exd5 6.cxd5 g6 7.Bf4 a6 8.a4 Bg7
9.h3 O-O 10.e3 Ne8 11.Be2 Nd7 12.O-O Ne5 13.Nd2 b6 14.Bh2 f5 15.Ra3 Rb8 16.Rb3 g5
17.Bxe5 Bxe5 18.Nc4 Qc7 19.f4 gxf4 20.Nxe5 dxe5 21.exf4 e4 22.Nb1 Qg7 23.Na3 Nd6
24.Kh2 Kh8 25.Qc1 Rg8 26.Rg1 Qd4 27.Nc4 Nxc4 28.Bxc4 Bd7 29.Bxa6 Bxa4 30.Re3 Ra8
31.Be2 Bd7 32.Rd1 Qg7 33.Bf1 Ra2 34.Rd2 Ra4 35.d6 Rd4 36.Bc4 Qh6 37.g3 Qxd6
38.Rxd4 cxd4 39.Bxg8 dxe3 40.Bb3 Qd4 41.Kg2 e2 42.Qc7 Kg7 43.Qd8 Qg1+ 44.Kxg1 e1=Q+
45.Kg2 Qd2+ 46.Kg1 Qc1+ 47.Kg2 Qxb2+ 48.Kg1 Qxb3 49.Qxd7+ Qf7 50.Qd4+ Qf6
51.Qd7+ Kh6 52.Kg2 Qb2+ 53.Kf1 Qc1+ 54.Kg2 Qc2+ 55.Kg1 Qc5+ 56.Kg2 Kg6 57.Qe6+ Kg7
58.h4 h5 59.Qe8 Qd5 60.Qe7+ Qf7 61.Qd6 Qf6 62.Qd7+ Kh6 63.Qe8 Qd6 64.Qh8+ Kg6
65.Qg8+ Kf6 66.Qg5+ Ke6 67.Qg6+ Ke7 68.Qxf5 Qd2+ 69.Kf1 Qd1+ 70.Kg2 Qf3+
71.Kh2 Qe2+ 72.Kg1 e3 73.Qe5+ Kd7 74.Qd5+ Kc7 75.Qf7+ Kd6 76.Qf8+ Kd5 77.Qf7+ Kd4
78.Qf6+ Kc5 79.Qe7+ Kc4 80.Qc7+ Kd3 81.Qd6+ Kc2 82.Qc6+ Kd2 83.Qd6+ Qd3 84.Qb4+ Qc3
85.Qd6+ Kc2 86.Qe6 Qe1+ 87.Kg2 Qe2+ 88.Kg1 Qf2+ 89.Kh1 Qxg3 90.Qe4+ Kd2 91.Qb4+ Ke2
92.f5 Kf3  0-1

[Event "Gibraltar Masters 2019"]
[Site "Caleta ENG"]
[Date "2019.01.28"]
[Round "7.20"]
[White "Sadzikowski,D"]
[Black "Donchenko,Alexa"]
[Result "1/2-1/2"]
[WhiteElo "2534"]
[BlackElo "2604"]

1.d4 Nf6 2.c4 e6 3.g3 c5 4.d5 exd5 5.cxd5 d6 6.Nc3 g6 7.Bg2 Bg7 8.Nf3 O-O
9.O-O Re8 10.Re1 Nbd7 11.a4 Ne4 12.Nxe4 Rxe4 13.Qc2 Nf6 14.Nd2 Rd4 15.e4 Qe7
16.Nb3 Nxd5 17.Nxd4 Nb4 18.Qb1 Bxd4 19.Be3 Bg7 20.Bd2 Nc6 21.Bc3 Nd4 22.Qd3 Be6
23.Kh1 Qd7 24.f4 Rd8 25.b3 d5 26.exd5 Bxd5 27.Bxd4 Bxd4 28.Rad1 Be6 29.Rb1 a5
30.Qd2 b6 31.h4 Kg7 32.Qc2 Re8 33.Kh2 Bf5 34.Be4 Bg4 35.Bg2 Rd8 36.Rbc1 Bf6
37.Rf1 Qd3 38.Qxd3 Rxd3 39.Rb1 Be6 40.Rfd1 Rxd1 41.Rxd1 Bxb3 42.Rd6 Bxa4  1/2-1/2

[Event "Gibraltar Masters 2019"]
[Site "Caleta ENG"]
[Date "2019.01.28"]
[Round "7.24"]
[White "Karthikeyan,M2"]
[Black "Libiszewski,F"]
[Result "1-0"]
[WhiteElo "2570"]
[BlackElo "2481"]

1.e4 c5 2.Nf3 Nc6 3.d4 cxd4 4.Nxd4 Nf6 5.Nc3 e5 6.Ndb5 h6 7.Nd6+ Bxd6 8.Qxd6 Qe7
9.Qxe7+ Kxe7 10.Be3 d6 11.O-O-O Be6 12.f3 a6 13.Be2 Rhc8 14.Kb1 b5 15.Rd2 Na5
16.Rhd1 Rc6 17.g4 Nc4 18.Bxc4 Bxc4 19.Re1 b4 20.Nd1 h5 21.Bg5 hxg4 22.fxg4 Ke6
23.b3 Bb5 24.Bxf6 Kxf6 25.a4 bxa3 26.c4 Bxc4 27.bxc4 Rxc4 28.Ne3 Rb4+ 29.Ka1 Kg5
30.Rf2 Rxe4 31.h4+ Kg6 32.h5+ Kh7 33.Rxf7 d5 34.g5 Rc8 35.Ka2 Rc3 36.Nxd5 Rc2+
37.Kxa3  1-0

[Event "Gibraltar Masters 2019"]
[Site "Caleta ENG"]
[Date "2019.01.28"]
[Round "7.22"]
[White "Chandra,Akshat"]
[Black "Maze,S"]
[Result "1-0"]
[WhiteElo "2492"]
[BlackElo "2596"]

1.e4 c5 2.Nf3 Nc6 3.Bb5 g6 4.Bxc6 dxc6 5.d3 Bg7 6.h3 b6 7.Nc3 Nf6 8.Be3 Nd7
9.Qd2 h6 10.O-O e5 11.a3 Nf8 12.b4 Ne6 13.bxc5 f5 14.exf5 gxf5 15.Qc1 f4
16.Bd2 O-O 17.Re1 Rf5 18.cxb6 axb6 19.Ne4 Kh7 20.Bc3 Nd4 21.Ned2 Ra4 22.Qd1 b5
23.Ne4 Bf8 24.Bb2 Ra7 25.c3 Nxf3+ 26.Qxf3 Rg7 27.c4 Qh4 28.cxb5 Be7 29.bxc6 Rh5
30.Kf1 Rxg2 31.Ke2 Qxh3 32.Qxh3 Rxh3 33.Rh1 Rxh1 34.Rxh1 Rg6 35.c7 Re6 36.a4 Kg6
37.Bc3 Kf7 38.Rb1 Ke8 39.Rb5 h5 40.Bxe5  1-0

[Event "Gibraltar Masters 2019"]
[Site "Caleta ENG"]
[Date "2019.01.28"]
[Round "7.23"]
[White "Lemos,D"]
[Black "Cornette,M"]
[Result "1/2-1/2"]
[WhiteElo "2474"]
[BlackElo "2587"]

1.d4 Nf6 2.Nf3 e6 3.e3 d5 4.Bd3 c5 5.b3 Nc6 6.O-O Bd6 7.Bb2 b6 8.Nbd2 Bb7
9.dxc5 Bxc5 10.Qe2 O-O 11.c4 d4 12.exd4 Nxd4 13.Bxd4 Bxd4 14.Rad1 Bc5 15.Ne4 Nxe4
16.Bxe4 Qc7 17.Rd3 Rfd8 18.Bxb7 Qxb7 19.Rfd1 Rxd3 20.Rxd3 Be7 21.Qd1 Qc7
22.g3 Rd8 23.Rxd8+ Bxd8 24.Qd3 h6 25.h4 Bf6 26.Qe4 a5 27.Qa8+ Kh7 28.Qe4+ Kg8
29.Qa8+ Kh7 30.Qe4+ Kg8  1/2-1/2

[Event "Gibraltar Masters 2019"]
[Site "Caleta ENG"]
[Date "2019.01.28"]
[Round "7.27"]
[White "Cheparinov,I"]
[Black "Harika,D"]
[Result "1-0"]
[WhiteElo "2691"]
[BlackElo "2471"]

1.e4 c5 2.Nf3 d6 3.d4 cxd4 4.Nxd4 Nf6 5.Nc3 a6 6.Be2 e5 7.Nf3 Be7 8.Bg5 Be6
9.Bxf6 Bxf6 10.O-O Be7 11.Nd5 Nd7 12.Bc4 Rc8 13.Qe2 Nb6 14.Nxb6 Qxb6 15.Bb3 O-O
16.Rad1 a5 17.Bxe6 fxe6 18.c3 Qc6 19.a3 b5 20.Ne1 Qc4 21.Nd3 Rb8 22.Rfe1 Bd8
23.g3 Rb7 24.Kg2 Rbf7 25.Rf1 Rb7 26.Rde1 Rbf7 27.Rd1 Rb7 28.Rde1 Rbf7 29.h4 Bc7
30.f3 Bb6 31.Rd1 Ba7 32.Rde1 Bb6 33.h5 h6 34.Rd1 Bd8 35.f4 exf4 36.Rxf4 Bg5
37.Rxf7 Rxf7 38.Re1 e5 39.Nf2 Qxe2 40.Rxe2 Rb7 41.Nd3 Kf7 42.Rf2+ Ke7 43.Rf1 Rb8
44.a4 bxa4 45.Ra1 Ke6 46.Rxa4 Bd8 47.Kf3 Bb6 48.b4 axb4 49.Nxb4 Rf8+ 50.Kg4 Rg8
51.Nd5 Bc5 52.Ra2 Rb8 53.Ra6 Rc8 54.Ra1 Rb8 55.Rf1 Ba7 56.Nc7+ Ke7 57.Ra1 Rb7
58.Nd5+ Ke6 59.Ra2 Rf7 60.Rb2 Rd7 61.Rb3 Rf7 62.Rb1 Rd7 63.Rf1 Bc5 64.Rf8 Rb7
65.Ra8 Rf7 66.Rb8 Ra7 67.Re8+ Kf7 68.Rb8 Ke6 69.Kf3 Kf7 70.g4 g6 71.Kg3 Kg7
72.Re8 Kf7 73.Rc8 Kg7 74.Kh3 Rd7 75.Kg2 Ra7 76.Kg3 Rb7 77.Rd8 Ra7 78.Rb8 Kf7
79.Rh8 Kg7 80.Rc8 Kf7 81.Kf3 Kg7 82.Ke2 Kf7 83.Kd3 Kg7 84.Kc4 Rb7 85.Rc7+ Rxc7
86.Nxc7 gxh5 87.gxh5 Kf6 88.Kd5 Kg5 89.Ne6+ Kxh5 90.Nxc5 dxc5 91.Kxe5 Kg6
92.Kd6 Kf7 93.Kxc5 Ke6 94.Kd4 h5 95.c4 Kd6 96.Ke3 Ke5 97.c5 Ke6 98.Kf4 Kd7
99.e5  1-0

[Event "Gibraltar Masters 2019"]
[Site "Caleta ENG"]
[Date "2019.01.28"]
[Round "7.25"]
[White "Muzychuk,A"]
[Black "Abel,D"]
[Result "1/2-1/2"]
[WhiteElo "2569"]
[BlackElo "2458"]

1.c4 c6 2.Nf3 d5 3.e3 Nf6 4.Nc3 e6 5.d4 Nbd7 6.Qc2 b6 7.cxd5 exd5 8.Bd3 Bb7
9.O-O Be7 10.Ne5 O-O 11.b3 Bd6 12.f4 Qe7 13.Bb2 Rad8 14.Rf3 Rfe8 15.Rh3 Nf8
16.g4 g6 17.g5 Bxe5 18.dxe5 N6d7 19.Qf2 Nc5 20.Bc2 Bc8 21.Rh6 Nce6 22.h4 Ng7
23.h5 Bf5 24.hxg6 fxg6 25.e4 dxe4 26.Nxe4 Bxe4 27.Bxe4 Nfe6 28.Rf1 Rf8 29.Bc1 Nf5
30.Rh3 Nfd4 31.Qh2 Nf5 32.Qg2  1/2-1/2

[Event "Gibraltar Masters 2019"]
[Site "Caleta ENG"]
[Date "2019.01.28"]
[Round "7.30"]
[White "Akobian,V"]
[Black "Sadhwani,Raunak"]
[Result "0-1"]
[WhiteElo "2643"]
[BlackElo "2451"]

1.d4 Nf6 2.c4 g6 3.Nc3 Bg7 4.e4 d6 5.Nf3 O-O 6.h3 e5 7.d5 Nh5 8.g3 Qe7 9.Nd2 f5
10.Be2 Nf6 11.g4 Na6 12.exf5 gxf5 13.Nb3 f4 14.f3 e4 15.fxe4 Nd7 16.Bf3 Ne5
17.Qe2 Nb4 18.Kd1 c5 19.Bd2 Nbd3 20.Kc2 b5 21.cxb5 a6 22.a4 Qc7 23.g5 Bd7
24.Bg4 c4 25.Nc1 axb5 26.Bxd7 Qxd7 27.Nxb5 Rfb8 28.Ra2 Nxc1 29.Rxc1 Rxb5
30.Rca1 Rb3 31.Bc3 Nd3 32.a5 Bxc3 33.bxc3 Qb5  0-1